| 000 | 00375nam a22001577a 4500 | ||
|---|---|---|---|
| 003 | SGT | ||
| 020 | _a978-0-07-053039-3 | ||
| 082 |
_a621.3 _bFIT |
||
| 100 | _aFITZGERALD,A.E | ||
| 245 | _aELECTRIC MACHINERY | ||
| 250 | _a6TH | ||
| 260 |
_aNEW DELHI _bTATA MC GRAW HILL EDUCATION _c2016 |
||
| 300 | _a688 | ||
| 650 | _aELECTRIC AND ELECTRONIC ENGINEERING | ||
| 942 |
_2ddc _cBK |
||
| 999 |
_c14362 _d14362 |
||